[Event "Wch U12"]
[Site "Batumi"]
[Date "2022.09.20"]
[Round "5"]
[White "Mohammadyansichani, Arshia"]
[Black "Federer, Colin"]
[Result "1-0"]
[WhiteElo "2117"]
[BlackElo "1835"]
[PlyCount "111"]
[EventDate "2022.09.16"]
[EventType "swiss"]
[EventRounds "11"]
[EventCountry "GEO"]
[SourceTitle "EXT 2023"]
[Source "ChessBase"]
[SourceDate "2022.10.05"]
[SourceVersion "1"]
[SourceVersionDate "2022.10.05"]
[SourceQuality "1"]

1. e4 c5 2. Nc3 d6 3. g3 Nc6 4. Bg2 g6 5. d3 Bg7 6. Be3 Rb8 7. Nge2 b5 8. Qd2 Nd4 9. 0-0 b4 10. Nd1 h5 11. h3 h4 12. g4 f5 13. Bxd4 cxd4 14. Qg5 fxg4 15. hxg4 Rh6 16. Bh3 e5 17. Qd2 Rh7 18. f4 Bh6 19. Qe1 exf4 20. Nxd4 Bg7 21. Qf2 Bxg4 22. Ne6 Bxe6 23. Bxe6 Qg5+ 24. Kh1 Ne7 25. Qxa7 Rd8 26. Qf2 h3 27. Bb3 Rh4 28. Rg1 Qh5 29. c3 g5 30. Rc1 Bh6 31. cxb4 g4 32. Rc7 g3 33. Ba4+ Rd7 34. Rxg3 fxg3 35. Qxg3 Qe2 36. Qf2 Qxd3 37. Nc3 Rf4 38. Rxd7 Kf8 39. Rd8+ Kf7 40. Bb3+ Kf6 41. e5+ Kg5 42. Rxd6 Nd5 43. Qg1+ Rg4 44. Qc1+ Qe3 45. Qxe3+ Nxe3 46. Rd3 Kh4 47. Ne2 Rg2 48. Rd4+ Kg5 49. Nf4 Rg3 50. e6 Rf3 51. e7 Rf1+ 52. Kh2 Kg4 53. Nxh3+ Kf3 54. Ng1+ Kf2 55. e8Q Nf5 56. Qe2# 1-0

[Event "Wch U12"]
[Site "Batumi"]
[Date "2022.09.17"]
[Round "2"]
[White "Federer, Colin"]
[Black "Babkin, Kirill"]
[Result "1/2-1/2"]
[WhiteElo "1835"]
[BlackElo "1217"]
[PlyCount "71"]
[EventDate "2022.09.16"]
[EventType "swiss"]
[EventRounds "11"]
[EventCountry "GEO"]
[SourceTitle "EXT 2023"]
[Source "ChessBase"]
[SourceDate "2022.10.05"]
[SourceVersion "1"]
[SourceVersionDate "2022.10.05"]
[SourceQuality "1"]

1. d4 d5 2. c4 e6 3. Nf3 Nf6 4. g3 dxc4 5. Bg2 c6 6. Ne5 Nbd7 7. Nxc4 Nb6 8. Ne5 Bb4+ 9. Nc3 Nbd5 10. Qb3 Qb6 11. Qc4 0-0 12. 0-0 Bxc3 13. bxc3 Qb5 14. Qxb5 cxb5 15. c4 bxc4 16. Ba3 Rd8 17. Nxc4 Bd7 18. Rac1 Bb5 19. Rfd1 Bxc4 20. Rxc4 Rac8 21. Rdc1 Rxc4 22. Rxc4 Nb6 23. Rc7 Rxd4 24. Rxb7 h6 25. Rxa7 Rd7 26. Bc5 Rd1+ 27. Bf1 Nc4 28. Bb4 Nd5 29. Rd7 Rb1 30. a3 Nxb4 31. axb4 Rxb4 32. e3 Ne5 33. Rd8+ Kh7 34. Kg2 Rb7 35. h3 Rd7 36. Ra8 1/2-1/2

[Event "Wohlen op 3rd"]
[Site "Wohlen"]
[Date "2022.08.21"]
[Round "5"]
[White "Sosnovski, Nikita"]
[Black "Federer, Colin"]
[Result "0-1"]
[WhiteElo "1546"]
[BlackElo "1840"]
[PlyCount "54"]
[EventDate "2022.08.19"]
[EventType "swiss"]
[EventRounds "5"]
[EventCountry "SUI"]
[SourceTitle "CBM 210 Extra"]
[Source "ChessBase"]
[SourceDate "2022.11.30"]
[SourceVersion "1"]
[SourceVersionDate "2022.11.30"]
[SourceQuality "1"]

1. e4 c5 2. Nf3 d6 3. d4 cxd4 4. Nxd4 Nf6 5. Nc3 a6 6. Be2 e5 7. Nb3 Be7 8. Be3 Be6 9. f3 h5 10. Qd3 Nbd7 11. Nd5 Bxd5 12. exd5 b5 13. 0-0 Nb6 14. Bxb6 Qxb6+ 15. Kh1 h4 16. h3 Nh5 17. Kh2 Bg5 18. f4 Bxf4+ 19. Rxf4 Nxf4 20. Qf3 Rh6 21. Qg4 Rg6 22. Qxh4 Rxg2+ 23. Kh1 Rxe2 24. Qh8+ Ke7 25. Qxa8 Rh2+ 26. Kxh2 Qf2+ 27. Kh1 Qg2# 0-1

[Event "Wohlen op 3rd"]
[Site "Wohlen"]
[Date "2022.08.20"]
[Round "2"]
[White "Federer, Colin"]
[Black "Steinfeld, Elia"]
[Result "1-0"]
[WhiteElo "1840"]
[BlackElo "1579"]
[PlyCount "83"]
[EventDate "2022.08.19"]
[EventType "swiss"]
[EventRounds "5"]
[EventCountry "SUI"]
[SourceTitle "CBM 210 Extra"]
[Source "ChessBase"]
[SourceDate "2022.11.30"]
[SourceVersion "1"]
[SourceVersionDate "2022.11.30"]
[SourceQuality "1"]

1. d4 Nf6 2. c4 g6 3. g3 c6 4. Bg2 d5 5. Nf3 Bg7 6. 0-0 0-0 7. Nbd2 Bf5 8. Qb3 Qb6 9. Re1 Nbd7 10. c5 Qxb3 11. Nxb3 a5 12. Bf4 Ne4 13. a4 b6 14. cxb6 Nxb6 15. Ne5 Bxe5 16. dxe5 f6 17. f3 Ng5 18. exf6 exf6 19. Bxg5 fxg5 20. e4 Bd7 21. Nc5 Bc8 22. Rad1 Rb8 23. b3 Nd7 24. Ne6 Re8 25. Nc7 Rf8 26. exd5 cxd5 27. Nxd5 Nc5 28. Ne7+ Kh8 29. Re5 Nxb3 30. Nc6 Ra8 31. Rxg5 Bb7 32. f4 Rfc8 33. Ne7 Rc7 34. Nd5 Rc2 35. Rb1 Re8 36. Rxb3 Re1+ 37. Bf1 Rcc1 38. Rxb7 Rxf1+ 39. Kg2 Rg1+ 40. Kh3 Rc2 41. Nf6 Rgg2 42. Rxh7# 1-0

[Event "Wohlen op 3rd"]
[Site "Wohlen"]
[Date "2022.08.20"]
[Round "3"]
[White "Nikolova, Adriana"]
[Black "Federer, Colin"]
[Result "1-0"]
[WhiteElo "2242"]
[BlackElo "1840"]
[PlyCount "95"]
[EventDate "2022.08.19"]
[EventType "swiss"]
[EventRounds "5"]
[EventCountry "SUI"]
[SourceTitle "CBM 210 Extra"]
[Source "ChessBase"]
[SourceDate "2022.11.30"]
[SourceVersion "1"]
[SourceVersionDate "2022.11.30"]
[SourceQuality "1"]

1. d4 Nf6 2. Bf4 g6 3. Nc3 Bg7 4. e4 d6 5. Qd2 b6 6. Bb5+ c6 7. Be2 Bb7 8. Bh6 0-0 9. 0-0-0 Nbd7 10. h4 e5 11. Bxg7 Kxg7 12. h5 Qe7 13. dxe5 Qxe5 14. hxg6 fxg6 15. Qh6+ Kf7 16. g4 Ke8 17. Kb1 Rf7 18. Nh3 Nf8 19. f3 N6d7 20. Qe3 Kd8 21. Rd2 Kc7 22. Bc4 Rg7 23. Rhd1 Qc5 24. Qh6 Re7 25. Bb3 Ba6 26. f4 Qe3 27. Qh4 Rae8 28. f5 b5 29. Rd3 g5 30. Qh6 Qc5 31. Nd5+ cxd5 32. Rc3 d4 33. Rxc5+ Nxc5 34. Bd5 Bb7 35. Bxb7 Kxb7 36. Nxg5 Rd7 37. Qh5 Rc8 38. Nf7 d3 39. c3 d2 40. e5 dxe5 41. Nxe5 Rd6 42. Qf7+ Kb6 43. Qe7 Rcd8 44. Nf7 R8d7 45. Qxf8 Rd3 46. Ne5 Rd8 47. Qh6+ R3d6 48. Qe3 1-0

[Event "SUI-ch U12"]
[Site "Biel"]
[Date "2022.07.20"]
[Round "6"]
[White "Federer, Colin"]
[Black "Begdullayev, Tamerlan"]
[Result "1-0"]
[WhiteElo "1764"]
[BlackElo "1643"]
[PlyCount "83"]
[EventDate "2022.07.18"]
[EventType "swiss"]
[EventRounds "7"]
[EventCountry "SUI"]
[SourceTitle "EXT 2023"]
[Source "ChessBase"]
[SourceDate "2022.10.05"]
[SourceVersion "1"]
[SourceVersionDate "2022.10.05"]
[SourceQuality "1"]

1. d4 d5 2. c4 c6 3. Nf3 Nf6 4. g3 Bf5 5. Bg2 dxc4 6. Ne5 g6 7. 0-0 Bg7 8. Nxc4 h5 9. h4 Ne4 10. Nc3 Nxc3 11. bxc3 Nd7 12. e4 Be6 13. Ne3 Nb6 14. Qe2 Qc7 15. a4 a5 16. f4 Bb3 17. Bd2 Bxa4 18. Rfb1 Bb5 19. c4 Nxc4 20. Nxc4 Bxd4+ 21. Kh2 Bxa1 22. Rxa1 0-0 23. f5 Qd7 24. Bc3 a4 25. Bf1 Bxc4 26. Qxc4 b5 27. Qe2 Rab8 28. Rd1 Qc7 29. Qe3 b4 30. Ba1 Kh7 31. Qd4 Rg8 32. fxg6+ Rxg6 33. e5 f5 34. Bd3 e6 35. Qf2 Rbg8 36. Bxf5 exf5 37. Qxf5 R8g7 38. Rd6 Qe7 39. Qxh5+ Kg8 40. Rxg6 a3 41. e6 Rxg6 42. Qh8# 1-0

[Event "Schaffhausen op"]
[Site "Schaffhausen"]
[Date "2022.03.18"]
[Round "1"]
[White "Cofman, Veaceslav"]
[Black "Federer, Colin"]
[Result "1-0"]
[WhiteElo "2320"]
[BlackElo "1667"]
[PlyCount "73"]
[EventDate "2022.03.18"]
[EventType "swiss"]
[EventRounds "5"]
[EventCountry "SUI"]
[SourceTitle "CBM 207 Extra"]
[Source "ChessBase"]
[SourceDate "2022.05.31"]
[SourceVersion "1"]
[SourceVersionDate "2022.05.31"]
[SourceQuality "1"]

1. d4 Nf6 2. c4 g6 3. f3 Bg7 4. e4 d6 5. Nc3 0-0 6. Be3 a6 7. Bd3 Nbd7 8. Nge2 c5 9. 0-0 Qc7 10. Rc1 Rb8 11. a4 cxd4 12. Nxd4 Ne5 13. Be2 Bd7 14. b3 Rfc8 15. Qd2 Qa5 16. g4 h6 17. Kg2 Kh7 18. h4 h5 19. g5 Ne8 20. Nd5 Qxd2 21. Bxd2 e6 22. Nb6 Rc7 23. Be3 Nc6 24. Rfd1 Rd8 25. Nc2 Na5 26. b4 Nc6 27. f4 f5 28. exf5 exf5 29. Nd5 Rcc8 30. Bb6 Be6 31. Bxd8 Rxd8 32. Bf3 Rd7 33. Re1 Bf7 34. Nb6 Rc7 35. Bd5 Bc3 36. Bxf7 Bxe1 37. Rxe1 1-0

[Event "Basel Special op"]
[Site "Basel"]
[Date "2021.07.20"]
[Round "6"]
[White "Federer, Colin"]
[Black "Baisynov, Islam"]
[Result "0-1"]
[WhiteElo "1632"]
[BlackElo "1916"]
[PlyCount "82"]
[EventDate "2021.07.17"]
[EventType "swiss"]
[EventRounds "6"]
[EventCountry "SUI"]
[SourceTitle "CBM 203 Extra"]
[Source "ChessBase"]
[SourceDate "2021.09.30"]
[SourceVersion "1"]
[SourceVersionDate "2021.09.30"]
[SourceQuality "1"]

1. d4 d5 2. c4 dxc4 3. e4 c5 4. d5 Nf6 5. Nc3 e6 6. Bxc4 exd5 7. Nxd5 Be7 8. Nxf6+ Bxf6 9. Qxd8+ Bxd8 10. Be3 Be7 11. Bd5 Na6 12. Rc1 Nb4 13. Bc4 Bd7 14. a3 Nc6 15. Nf3 b6 16. 0-0 Bf6 17. Rc2 0-0 18. Rd2 Bg4 19. Bb5 Rac8 20. Rd6 Ne5 21. Nxe5 Bxe5 22. Rd2 Rfd8 23. b3 Rxd2 24. Bxd2 Rd8 25. Be3 Be6 26. Rb1 f5 27. exf5 Bxf5 28. Bc4+ Kf8 29. Re1 Bc3 30. Rf1 h6 31. a4 Ke7 32. Rc1 Bd2 33. Bxd2 Rxd2 34. Re1+ Kd6 35. h3 Bd3 36. Re6+ Kd7 37. Bxd3 Kxe6 38. Bc4+ Ke5 39. f3 Kd4 40. Kf1 Kc3 41. g4 g5 0-1

[Event "Davos op 20th"]
[Site "Davos"]
[Date "2021.06.12"]
[Round "3"]
[White "Federer, Colin"]
[Black "Paleologu, Vladimir"]
[Result "0-1"]
[WhiteElo "1638"]
[BlackElo "2060"]
[PlyCount "56"]
[EventDate "2021.06.11"]
[EventType "swiss"]
[EventRounds "5"]
[EventCountry "SUI"]
[SourceTitle "CBM 203 Extra"]
[Source "ChessBase"]
[SourceDate "2021.09.30"]
[SourceVersion "1"]
[SourceVersionDate "2021.09.30"]
[SourceQuality "1"]

1. d4 Nc6 2. Nf3 d6 3. c4 e5 4. d5 Nce7 5. g3 f5 6. Bg2 Nf6 7. Nc3 h6 8. Qc2 g5 9. b3 Bg7 10. Bb2 a6 11. a4 0-0 12. Rd1 Qe8 13. c5 e4 14. Nd4 dxc5 15. Ne6 Bxe6 16. dxe6 Qc6 17. Ba3 Rfd8 18. 0-0 Rd4 19. f3 b6 20. fxe4 Nxe4 21. Rxd4 Bxd4+ 22. Kh1 Bxc3 23. Rxf5 Nxf5 24. Bxe4 Nd4 25. Qd3 Qe8 26. Bxa8 Qxa8+ 27. Kg1 Qe8 28. Qxa6 Qxe6 0-1

[Event "Davos op 20th"]
[Site "Davos"]
[Date "2021.06.12"]
[Round "2"]
[White "Ferster, Fabian"]
[Black "Federer, Colin"]
[Result "1/2-1/2"]
[WhiteElo "2149"]
[BlackElo "1638"]
[PlyCount "97"]
[EventDate "2021.06.11"]
[EventType "swiss"]
[EventRounds "5"]
[EventCountry "SUI"]
[SourceTitle "CBM 203 Extra"]
[Source "ChessBase"]
[SourceDate "2021.09.30"]
[SourceVersion "1"]
[SourceVersionDate "2021.09.30"]
[SourceQuality "1"]

1. c4 Nf6 2. Nc3 g6 3. e4 d6 4. g3 Bg7 5. Bg2 c5 6. Nge2 Nc6 7. d3 0-0 8. 0-0 Nd7 9. Rb1 Nd4 10. Nxd4 cxd4 11. Ne2 a5 12. b3 Qb6 13. Nf4 Ne5 14. h3 Nc6 15. h4 h5 16. a3 Ne5 17. Bb2 Ng4 18. b4 axb4 19. Qb3 Re8 20. axb4 Bd7 21. Ra1 e6 22. Rfc1 Rec8 23. Ra3 Bh6 24. f3 Ne3 25. Rca1 Rxa3 26. Qxa3 Bxf4 27. gxf4 Nxg2 28. Kxg2 e5 29. Qa5 Qxa5 30. Rxa5 b5 31. fxe5 bxc4 32. dxc4 Rxc4 33. Kg3 dxe5 34. Rxe5 Rxb4 35. Ba3 Ra4 36. Rd5 Rxa3 37. Rxd7 d3 38. Kf4 Kg7 39. Ke3 Kf6 40. Rd6+ Ke5 41. Rd5+ Ke6 42. Rxd3 Rxd3+ 43. Kxd3 Ke5 44. Ke3 Ke6 45. f4 Kd6 46. Kd4 Ke6 47. Ke3 Kf6 48. Kd4 Ke6 49. Ke3 1/2-1/2

[Event "Zuerich Christmas op 44th"]
[Site "Tornelo INT"]
[Date "2020.12.30"]
[Round "7"]
[White "Zargarov, Mikayel"]
[Black "Federer, Colin"]
[Result "1/2-1/2"]
[WhiteElo "1725"]
[BlackElo "1638"]
[PlyCount "84"]
[EventDate "2020.12.26"]
[EventType "swiss"]
[EventRounds "7"]
[EventCountry "SUI"]
[SourceTitle "CBM 200 Extra"]
[Source "ChessBase"]
[SourceDate "2021.03.31"]
[SourceVersion "1"]
[SourceVersionDate "2021.03.31"]
[SourceQuality "1"]

1. d4 d5 2. Nf3 Nf6 3. Bf4 c5 4. e3 Nc6 5. Nbd2 Bf5 6. dxc5 e6 7. Nd4 Bg6 8. Nxc6 bxc6 9. b4 a5 10. c3 Be7 11. Be2 0-0 12. 0-0 Nd7 13. Nf3 Bf6 14. Qd2 axb4 15. cxb4 Bxa1 16. Rxa1 Qf6 17. Qd4 Ra4 18. Ne5 Nxe5 19. Bxe5 Qg5 20. a3 f6 21. Bd6 Rfa8 22. Qc3 Bh5 23. Bf1 Be8 24. Qb3 Qh5 25. b5 cxb5 26. Bxb5 Bxb5 27. Qxb5 Rxa3 28. Rb1 Ra1 29. h3 Rxb1+ 30. Qxb1 Qe8 31. Qb7 Qc8 32. c6 h6 33. h4 Qd8 34. g3 Ra1+ 35. Kg2 Qxd6 36. c7 Rc1 37. c8Q+ Rxc8 38. Qxc8+ Kf7 39. h5 Qe7 40. Qc2 Ke8 41. Qc8+ Kf7 42. Qc2 Ke8 1/2-1/2

[Event "Flims op 9th"]
[Site "Flims"]
[Date "2020.10.10"]
[Round "2"]
[White "Federer, Colin"]
[Black "Clermont, Andreas"]
[Result "1-0"]
[WhiteElo "1628"]
[BlackElo "1320"]
[PlyCount "85"]
[EventDate "2020.10.09"]
[EventType "swiss"]
[EventRounds "5"]
[EventCountry "SUI"]
[SourceTitle "CBM 198 Extra"]
[Source "ChessBase"]
[SourceDate "2020.11.30"]
[SourceVersion "1"]
[SourceVersionDate "2020.11.30"]
[SourceQuality "1"]

1. d4 Nf6 2. c4 d5 3. cxd5 Nxd5 4. e4 Nf6 5. Nc3 Nc6 6. Nf3 Bg4 7. d5 Nb4 8. Qa4+ c6 9. Qxb4 e6 10. Qxb7 cxd5 11. Bb5+ Nd7 12. Ne5 Rb8 13. Bxd7+ Ke7 14. Nc6+ Kf6 15. e5+ Kg6 16. Nxb8 Bc5 17. Qc6 Bxf2+ 18. Kxf2 Qxb8 19. Re1 Qb6+ 20. Qxb6 axb6 21. h3 Bf5 22. g4 Bd3 23. h4 h6 24. Ke3 Ba6 25. Nxd5 Rd8 26. Nxb6 Kh7 27. g5 h5 28. b4 Rb8 29. b5 Bb7 30. a4 Bg2 31. a5 g6 32. Bc6 Bh3 33. a6 Bf5 34. a7 Rf8 35. Nd7 Rd8 36. Nb8 Rd3+ 37. Kf2 Rc3 38. a8Q Bg4 39. Nd7 Rc2+ 40. Kg1 Rg2+ 41. Bxg2 Bf3 42. Nf6+ Kg7 43. Qg8# 1-0

[Event "Wil Acrevis op 1st"]
[Site "Wil"]
[Date "2020.06.21"]
[Round "5"]
[White "Eugster, Marco"]
[Black "Federer, Colin"]
[Result "1-0"]
[WhiteElo "1220"]
[BlackElo "1573"]
[PlyCount "79"]
[EventDate "2020.06.19"]
[EventType "swiss"]
[EventRounds "5"]
[EventCountry "SUI"]
[SourceTitle "CBM 197 Extra"]
[Source "ChessBase"]
[SourceDate "2020.09.30"]
[SourceVersion "1"]
[SourceVersionDate "2020.09.30"]
[SourceQuality "1"]

1. d4 d5 2. c4 c6 3. Nf3 Nf6 4. cxd5 cxd5 5. Bf4 Nc6 6. e3 Bf5 7. Nc3 Qb6 8. Bb5 a6 9. Bxc6+ bxc6 10. Qd2 Ne4 11. Nxe4 dxe4 12. Ne5 f6 13. Nc4 Qb5 14. Qe2 Qb4+ 15. Nd2 Qxb2 16. 0-0 g5 17. Bg3 h5 18. Rab1 Qxa2 19. Rb7 h4 20. Bc7 Bc8 21. Rb8 Rxb8 22. Bxb8 e5 23. dxe5 Bb4 24. Rd1 Be6 25. Bd6 Bxd6 26. exd6 0-0 27. Qh5 Bf7 28. Qg4 Rd8 29. Nxe4 Kg7 30. Nxg5 Kf8 31. Nh7+ Ke8 32. Nxf6+ Kf8 33. Qxh4 Bb3 34. Nh7+ Kg7 35. Qe7+ Kg6 36. Qxd8 Bxd1 37. Nf8+ Kf5 38. h4 Ke5 39. Qe7+ Kd5 40. Qf7+ 1-0

[Event "Wil Acrevis op 1st"]
[Site "Wil"]
[Date "2020.06.21"]
[Round "4"]
[White "Federer, Colin"]
[Black "Mattenberger, Matthias"]
[Result "0-1"]
[WhiteElo "1573"]
[BlackElo "1829"]
[PlyCount "108"]
[EventDate "2020.06.19"]
[EventType "swiss"]
[EventRounds "5"]
[EventCountry "SUI"]
[SourceTitle "CBM 197 Extra"]
[Source "ChessBase"]
[SourceDate "2020.09.30"]
[SourceVersion "1"]
[SourceVersionDate "2020.09.30"]
[SourceQuality "1"]

1. d4 Nf6 2. c4 g6 3. g3 Bg7 4. Bg2 0-0 5. Nc3 d6 6. Nf3 c5 7. d5 e6 8. h3 exd5 9. cxd5 Na6 10. 0-0 Nc7 11. Bf4 b5 12. Ng5 Nh5 13. Qc1 Nxf4 14. Qxf4 Be5 15. Qh4 h5 16. g4 Bf4 17. Nce4 f6 18. Nf3 g5 19. Qxh5 Kg7 20. e3 Rh8 21. Qxh8+ Kxh8 22. exf4 gxf4 23. g5 f5 24. Nf6 Bb7 25. Rfe1 Qf8 26. Rad1 Rd8 27. h4 Qf7 28. h5 Nxd5 29. Nxd5 Bxd5 30. g6 Qg8 31. Re7 Bxa2 32. g7+ Kh7 33. Bh3 Kh6 34. Bxf5 Bf7 35. Rde1 Qxg7+ 36. Kh1 Rg8 37. Bg6 Rf8 38. Bxf7 Rxf7 39. R1e6+ Kxh5 40. Re8 Rf6 41. R6e7 Qg4 42. Nh2 Qd1+ 43. Re1 Qd5+ 44. f3 Rg6 45. Rh8+ Kg5 46. Rhe8 Rh6 47. Rf1 Qd2 48. Rg1+ Kf6 49. Rg2 Qd1+ 50. Rg1 Qxf3+ 51. Rg2 Qd1+ 52. Rg1 Rxh2+ 53. Kxh2 Qh5+ 54. Kg2 Qxe8 0-1